טוען...

Great comic scenes from English literature /

מידע ביבליוגרפי
מחבר ראשי: Oliphant, Lancelot
שפה:Undetermined
יצא לאור: 1930.
LEADER 00391nam a2200121Ia 4500
001 42605
008 170722s9999 xx 000 0 und d
100 |a Oliphant, Lancelot 
245 |a Great comic scenes from English literature / 
260 |c 1930. 
942 |c GEN 
999 |c 30491  |d 30491 
952 |0 0  |1 0  |4 0  |6 O_61XN_XGO  |7 0  |8 LC1  |9 37364  |a LIB  |b LIB  |d 2017-08-12  |h LC1  |o O-,61xN xGO  |p 11058  |r 2017-08-12  |w 2017-08-12  |y GEN